Matemáticas para técnicos electricistas

Guardat en:
Dades bibliogràfiques
Autor principal: Clifford, Martin (Autor)
Format: Llibre
Idioma:espanyol
Publicat: Ciudad de México Cultural 1974
Col·lecció:Enseñanza Técnica
Matèries:
Etiquetes: Afegir etiqueta
Sense etiquetes, Sigues el primer a etiquetar aquest registre!

MARC

LEADER 00000nam a2200000 a 4500
001 UCU5014
003 CL-VaPUC
008 960531e19740000MX |||||||||||||||||spa|d
082 0 4 |a 621.302  |b CLI  |2 21 
100 0 |a Clifford, Martin  |e author  |9 362863 
245 1 0 |a Matemáticas para técnicos electricistas 
300 |a 290 p 
942 |c BK 
945 |d 19960531 00:00:00  |a cmena 
260 |a Ciudad de México  |b Cultural  |c 1974 
650 0 |a Electricidad  |9 260222 
650 0 |a Matemática aplicada   |9 260236 
650 0 |a Circuitos eléctricos   |9 260262 
650 0 |a Matemática  |9 260235 
650 0 |a Gráficas  |9 264054 
650 0 |a Logaritmos  |9 260266 
583 |a last modification  |c 20120924 13:44:05  |k Rodrigo Vera 
490 0 |a Enseñanza Técnica 
999 |c 248531  |d 248529